Ensayos

Saved in:
書目詳細資料
主要作者: García Morente, Manuel (autor)
格式: 圖書
語言:西班牙语
出版: Madrid Revista de Occidente 1945
主題:
標簽: 添加標簽
沒有標簽, 成為第一個標記此記錄!

MARC

LEADER 00000nam a2200000 a 4500
001 UCZ0839
003 CL-VaPUC
008 950810e19450000SP |||||||||||||||||spa|d
082 0 4 |a 128  |b MOR  |2 21 
100 |a García Morente, Manuel  |e autor  |9 347175 
245 1 0 |a Ensayos 
300 |a 225 p 
942 |c BK 
945 |d 19950810 00:00:00  |a aalvarez 
260 |a Madrid  |b Revista de Occidente  |c 1945 
650 0 |a Filosofía   |9 223554 
650 0 |a Antropología filosófica  |9 265842 
583 |a last modification  |c 19950810 00:00:00  |k Rodrigo Vera 
999 |c 237734  |d 237732 
952 |0 0  |1 0  |4 0  |6 128_000000000000000_MOR_1945  |7 0  |8 P  |9 247390  |a BIBEDU  |b BIBEDU  |c BIBEDU_PB  |d 2019-11-18  |i 3115879  |o 128 MOR 1945  |p 3115879  |r 2024-01-25  |w 2019-11-18  |y BK  |k FIL